Unusual microorganisms: Gram negativce fastidious species (Record no. 38171)

MARC details
000 -LEADER
fixed length control field 00407nam a2200145Ia 4500
082 ## - DEWEY DECIMAL CLASSIFICATION NUMBER
Classification number 579
Item number BOT
245 #0 - TITLE STATEMENT
Title Unusual microorganisms: Gram negativce fastidious species
260 ## - PUBLICATION, DISTRIBUTION, ETC. (IMPRINT)
Place of publication New York
Name of publisher Marcel Dekker
Year of publication 1983
490 ## - SERIES STATEMENT
Series statement Microbiology series v 10
650 ## - SUBJECT ADDED ENTRY--TOPICAL TERM
Topical Term Bacteriology
650 ## - SUBJECT ADDED ENTRY--TOPICAL TERM
Topical Term Microorganisms
700 ## - ADDED ENTRY--PERSONAL NAME
Personal name Bottone, Edward J
942 ## - ADDED ENTRY ELEMENTS (KOHA)
Koha item type Books
Holdings
Withdrawn status Lost status Damaged status Not for loan Home library Current library Date acquired Full call number Accession Number Koha item type
        RRII Library RRII Library 16/12/2021 579 BOT 18534 Books